000 01116nam a2200253Ia 4500
003 Ost
005 20260507075123.0
008 260507s9999||||xx |||||||||||||| ||und||
040 _cfsecg
041 _aara
082 _a300
100 _aالخطيب، أحمد محمود
_eمؤلف
245 0 _aالإدارة الإبداعية للجامعات :
_bنماذج حديثة /
_c أحمد محمود الخطيب
260 _aاربد:
_bعالم الكتب الحديث,
_c2006
300 _a358 صفحة؛
_bإيضاحات ؛
_c24 سم
520 _aخلفية الدراسة وأهميتها-الأدب النظري والدراسات السابقة-الشراكة بين الجامعات وقطاعات الإنتاج والخدمات-نتائج الدراسة-مناقشة النتائج والتوصيات
653 _aالإدارة الجامعية
653 _aالأدب النظري
653 _aالتجارة الدولية
653 _aالتعليم العالي
653 _aالدراسة
700 _aمعايعة، عادل سالم
_eمؤلف ثانوي
942 _cكتاب
999 _c43104
_d43104